From Safin to Roman: Cultural Change and Hybridization in Central Adriatic Italy

محفوظ في:

المؤلف الرئيسي: Oliva Menozzi

التنسيق: كتاب

اللغة: Undetermined

الوصول للمادة أونلاين: Login to view Source

الوسوم: إضافة وسم

لا توجد وسوم, كن أول من يضع وسما على هذه التسجيلة!

رقم الطلب:

LEADER 00476nmm a2200133Ia 4500
008 240716s9999||||xx |||||||||||||||||und||
020 |a 9781803274577 
020 |a 9781803274584 
100 |a Oliva Menozzi 
245 1 0 |a From Safin to Roman: Cultural Change and Hybridization in Central Adriatic Italy  |c Oliva Menozzi 
264 |b Archaeopress Archaeology  |c 6-يونيو-24 
856 4 0 |u http://library.arce.org:8087/Archaeopress/Products/9781803274577 
942 |2 lcc  |c EBOOK 
999 |c 58923  |d 58923